| 000 | 00649nam a22002297a 4500 | ||
|---|---|---|---|
| 999 |
_c17447 _d17447 |
||
| 003 | AR-CdUCM | ||
| 008 | 190508b ||||| |||| 00| 0 spa d | ||
| 040 |
_aMUNICIPALIDAD PROVINCIAL DEL CUSCO _cBIBLIOTECA MUNICIPAL DEL CUSCO |
||
| 082 |
_a541.1 / _bK57 |
||
| 100 |
_aKireev, V. _937472 |
||
| 245 | _aCurso de Fisico - Quimica / | ||
| 260 |
_aBuenos Aires : _bCartago, _c1959. |
||
| 300 |
_a825 paginas ; _c24 cm. |
||
| 500 | _aCurso | ||
| 650 |
_aFisica _92382 |
||
| 650 |
_aQuimica _94512 |
||
| 650 |
_aLiteratura _983 |
||
| 700 |
_aNilson, H _937473 |
||
| 700 |
_aFloreal, Mazia _937474 |
||
| 942 |
_2ddc _cLIBROS |
||
| 945 |
_apjha _d2019-05-08 |
||